000 00463nam a22001697a 4500
005 20251108163336.0
008 250721s1963 xx 000 0 ara d
082 1 4 _a209/هاش
100 1 _aالهاشمي، طه
245 1 0 _aتاريخ الأديان و فلسفتها /
264 1 _aبيروت :
_bدار مكتبة الحياة،
_c1963.
300 _a366 ص.
650 1 7 _aالديانات
650 1 7 _aالتاريخ
942 _2ddc
_cBK
999 _c264
_d264